Największe miasta Słowenii (Največja mesta v Sloveniji) - Statystyki

Ogólne statystyki
  • Ten quiz został rozwiązany 235 razy
  • Średni wynik to 4 z 10
Statystyki odpowiedzi
Liczba ludności Miasto % Poprawnych
280 310 Lublana
97%
94 876 Maribor
86%
25 319 Koper
62%
38 079 Celje
48%
37 553 Kranj
33%
23 321 Novo Mesto
25%
17 780 Ptuj
23%
24 923 Velenje
22%
13 768 Kamnik
9%
13 932 Trbovlje
7%
Nie znaleziono quizów pasujących do podanych kryteriów
Rozkład punktacji
Procent ludzi z każdym wynikiem
Percentyl według liczby udzielonych odpowiedzi
Twoja historia wyników
Nie rozwiązałeś tego quizu